Almanaque mundial: nuevo milenio, 2000
Gorde:
| Formatua: | Liburua |
|---|---|
| Hizkuntza: | gaztelania |
| Argitaratua: |
Santiago
Televisa
2000
|
| Gaiak: | |
| Etiketak: |
Etiketa erantsi
Etiketarik gabe, Izan zaitez lehena erregistro honi etiketa jartzen!
|
MARC
| LEADER | 00000cam a2200000 a 4500 | ||
|---|---|---|---|
| 001 | UCO7722 | ||
| 003 | CL-VaPUC | ||
| 008 | 001117e20000000CL |||||||||||||||||spa|d | ||
| 082 | 0 | 4 | |a 050.9 |b ALM |2 21 |
| 245 | 1 | 0 | |a Almanaque mundial: nuevo milenio, 2000 |
| 300 | |a 466 p | ||
| 942 | |c BK | ||
| 945 | |d 20001117 00:00:00 |a vberengu | ||
| 260 | |a Santiago |b Televisa |c 2000 | ||
| 650 | 7 | |a CALENDARIOS Y EFEMERIDES |2 CL-VaPUC |9 373016 | |
| 650 | 0 | |a Cronología |9 268356 | |
| 650 | 7 | |a INSTRUMENTOS AUXILIARES DE BUSQUEDA |2 CL-VaPUC |9 374723 | |
| 650 | 0 | |a Medios de comunicación |9 257206 | |
| 583 | |a last modification |c 20120307 02:14:21 |k Rodrigo Vera | ||
| 999 | |c 292604 |d 292602 | ||
| 952 | |0 0 |1 0 |4 0 |6 050_900000000000000_ALM_2000 |7 0 |8 F |9 343580 |a BIBGIM |b BIBGIM |d 2019-11-20 |i 3667707 |o 050.9 ALM 2000 |p 3667707 |r 2025-01-15 |w 2019-11-20 |y BK_F |k GIM | ||
| 952 | |0 0 |1 0 |4 0 |6 050_900000000000000_ALM_2000 |7 0 |8 X |9 343581 |a BIBEDU |b BIBEDU |d 2019-11-20 |i 4837975 |o 050.9 ALM 2000 |p 4837975 |r 2023-01-13 |w 2019-11-20 |y BK_X |k BME | ||